00845nam a22001937a 4500999001900000003000500019038000900024082001300033100006500046245017400111260003800285300000900323440006300332500001700395650006000412700005800472942001900530952010200549 c536146d536146NUST aIESE a628bLAT aNoor Sohail Latif, Khola Saeed Raja, Syed Hasan Abbas931086 aComparitive study of the impacts of magnetized and unmagnetized groundwater on irriagation system and agriculture cNoor Sohail Latif, Khola Saeed Raja, Syed Hasan Abbas aIslamabadbIESE (SCEE) NUSTc2020 a53p. aUG Environmental Engineering 91834 aThesis UG EE aEnvironmental Engineering 91550 4Dr. Yousuf Jamal (Supervisor)  2ddccTHEkIESE 00102ddc4071aIESEbIESEcTHEd2020-10-01l0o628 LATpIESE-T-753r2020-10-01w2020-10-01yTHE